Histoire en images - H - Statistiques

Statistiques générales
  • Ce quiz a été pris 304 fois
    212 depuis la dernière actualisation
  • Le résultat moyen est 13 sur 18
Statistiques - réponses
Par images Hint Réponse % Correct
Demi-dieu Hercule
98%
Système d'écriture Hiéroglyphe
97%
Écrivain Victor Hugo
94%
Personnage Sherlock Holmes
91%
Roi {Hugues} Capet
85%
Langue Hébreu
84%
Ville Hiroshima
84%
Chanteur Johnny Hallyday
82%
Divinité Hermès
79%
Pièce de théâtre Hamlet
75%
Roi Henri IV
74%
Ville Le {Havre}
73%
Ancienne colonie britannique Hong Kong
67%
Empereur Hirohito
61%
Baron Georges-Eugène Haussmann
57%
Chef d'État Saddam Hussein
55%
Divinité Horus
47%
Ancien nom du Burkina Faso Haute-Volta
30%
Aucun quiz correspondant
Distribution des résultats
% des personnes avec chaque résultat
Percentile par nombre de réponses
Votre historique - résultats
Vous n’avez pas pris ce quiz depuis la dernière actualisation